Statistics for NBA Players By Height

Click here to take the quiz!

General Stats

  • This quiz has been taken 637 times
  • The average score is 22 of 26

Answer Stats

PlayerHeight% Correct
LeBron James6 ft 8
99%
Kobe Bryant6 ft 6
98%
Chris Paul6 ft 0
97%
Dwyane Wade6 ft 4
97%
Kevin Love6 ft 10
96%
Derrick Rose6 ft 3
96%
Russell Westbrook6 ft 3
96%
Kevin Durant6 ft 9
96%
Rajon Rondo6 ft 1
94%
Chris Bosh6 ft 11
93%
Joakim Noah6 ft 11
91%
Kevin Garnett6 ft 11
91%
Dirk Nowitzki7 ft 0
89%
Carmelo Anthony6 ft 8
88%
Roy Hibbert7 ft 2
84%
Amare Stoudemire6 ft 10
83%
Ray Allen6 ft 5
83%
Pau Gasol7 ft 0
80%
Marc Gasol7 ft 1
80%
Paul George6 ft 8
78%
Andrew Bogut7 ft 0
73%
Danny Granger6 ft 8
71%
LaMarcus Aldridge6 ft 11
70%
Tony Parker6 ft 2
69%
Manu Ginobili6 ft 6
65%
Paul Pierce6 ft 7
64%

Score Distribution

Percentile by Number Answered

Percent of People with Each Score

Your Score History

You have not taken this quiz